| 000 | 00704nam a2200241 a 4500 | ||
|---|---|---|---|
| 001 | 000008369 | ||
| 005 | 20250305093321.0 | ||
| 008 | 090916s2004 dr a 000 0 spa d | ||
| 040 | _aDO-SdBNP | ||
| 082 |
_a646.72 _bR788c |
||
| 100 | 1 |
_aRosado, Leonor _922584 |
|
| 245 | 1 | 0 |
_aCosmetología moderna / _cLeonor Rosado. |
| 260 |
_a[Santo Domingo] : _bAcademia de Belleza Nacidit, _c2004. |
||
| 300 |
_a211 p. : _bil. ; _c28 cm. |
||
| 650 | 4 |
_aCosmetica _922587 |
|
| 650 | 4 |
_aBelleza personal _xHistoria _922588 |
|
| 650 | 4 |
_aPeinado _922589 |
|
| 650 | 4 |
_aTeñido del pelo _922590 |
|
| 650 | 4 |
_aEtiqueta en los negocios _922591 |
|
| 650 | 4 |
_aAnatomia _922592 |
|
| 650 | 0 |
_aECOLOGÍA _99251 |
|
| 049 | _aBNPD | ||
| 999 |
_c8140 _d8140 |
||